000 00230nam a22000857a 4500
008 161013b xxu||||| |||| 00| 0 eng d
100 _9827
_aVerma.R.
245 _aCCE. Manual Science-IX
260 _aNew Delhi
_bS. chand Publications
_c2011
999 _c3479
_d3479